| 000 | 00721nam a22001937a 4500 | ||
|---|---|---|---|
| 999 |
_c164933 _d164933 |
||
| 005 | 20190530125509.0 | ||
| 010 | _aUR-10163 | ||
| 020 |
_c300.00 _a9789387829787 |
||
| 035 | _aU-8718 | ||
| 037 | _bDBAD/PUB | ||
| 082 | _a843.08 | ||
| 100 | _aزر نگا ر يا سمين | ||
| 245 |
_aنۓ پر ا نے ا فسا نے متن ا و ر تجز يۓ _cزر نگا ر يا سمين |
||
| 246 |
_bNaye Purane Afsaney Matan Aur Tajziye (Urdu) _aby Dr. Zarnigar Yasmeen |
||
| 260 |
_a Delhi _bEducational Publishing House _c2018 ء |
||
| 270 |
_a3191،Vakil Street,Kucha Pandit,Lal Kuan, _bDelhi _e110006 _k23216162 _l00911123211540 |
||
| 300 |
_a272ص _c22 Cm(B.b) |
||
| 942 |
_2ddc _cUR _h843.08 _mز ر ن |
||